Disney Film Figuren - Statistiken

Allgemein
  • Dieses Quiz wurde 253 mal gespielt
  • Das Durchschnittsergebnis liegt bei 27 aus 50
Antwortstatistiken
Bildquiz Antwort % Korrekt
Dumbo
96%
Olaf
95%
Bambi
94%
Dorie
93%
Schneewittchen
93%
Tarzan
93%
Cinderella
92%
Rapunzel
91%
Pocahontas
87%
Balu
86%
Simba
85%
Strolch
84%
Tinker Bell
84%
Alice
83%
Pumba
82%
Robin Hood
81%
Jasmin
79%
Merida
75%
Ursula
72%
Captain Hook
63%
Quasimodo
58%
Daisy Duck
56%
Woody
56%
Kristoff
53%
Tiana
53%
Grinsekatze
51%
Shir Khan
51%
Bolt
50%
Gaston
47%
Genie
47%
Prinz Eric
47%
Esmeralda
45%
Capper
43%
Bernhard
39%
Boo
38%
Kummer
34%
Wendy
34%
Gothel
32%
Vanellope
30%
Carl Fredricksen
25%
Te Fiti
20%
Schwefel
17%
Madame Pottine
16%
Duchess
14%
Li Shang
11%
Milo Thatch
10%
Scuttle
9%
Flit
5%
Valentino
5%
Albatros
2%
Keine übereinstimmenden Quizze gefunden
Verteilung der Resultate
Anzahl Personen mit jedem Resultat
Perzentil nach korrekt beantworteten Fragen
Ihre Resultats-Entwicklung
Sie haben dieses Quiz noch nicht gespielt